000 00429nam a2200169 a 4500
001 0000-9033
003 ELIB.Books
008 110520 1983
035 _a(ELIB.Books)0000-9182
082 _a221.7
_bEat
100 _aEaton, Michael A.
245 _aTyndale (Ecclesiastes)
260 _bLeicester: Inter-Varsity Press
_c1983
650 _aCommentaries
942 _2ddc
_cBK
998 _cbat
_e2011-05-20
999 _c9033
_d9033